| 000 | 00410nam a2200157Ia 4500 | ||
|---|---|---|---|
| 008 | 230312s9999||||xx |||||||||||||| ||und|| | ||
| 020 | _a0-471-11829-x | ||
| 082 |
_a658.5 _bBUF |
||
| 100 | _aELWOOD S. BUFFA | ||
| 245 | 0 | _aModern Production Management | |
| 260 |
_bJohn Wiley & Sons _aNew York _c1977 |
||
| 300 | _a743 | ||
| 546 | _aEng. | ||
| 650 |
_aManagement _vIntroduction, Analytical Methods |
||
| 942 | _cBK | ||
| 999 |
_c450 _d450 |
||